000 00420nam a2200169Ia 4500
003 STCL
008 181203s9999 xx 000 0 und d
020 _a9788188965588
040 _aSTCL
_bEN
_cSTCL
082 _222
100 _aShiva, Vandana
245 0 _aStaying Alive: Women, Ecology and Survival in India
260 _bKali for Women
_aNew Delhi
_c2015
300 _a224
546 _aEnglish
942 _2ddc
_cBK
999 _c87039
_d87039